المنصور بن أبي عامر / (رقم التسجيلة. 95304)
[ عرض عادي ]
| 000 -LEADER | |
|---|---|
| fixed length control field | 00697nam a22002297a 4500 |
| 005 - DATE AND TIME OF LATEST TRANSACTION | |
| control field | 20251108173051.0 |
| 008 - FIXED-LENGTH DATA ELEMENTS--GENERAL INFORMATION | |
| fixed length control field | 250721s9999 xx 000 0 ara d |
| 082 14 - DEWEY DECIMAL CLASSIFICATION NUMBER | |
| Classification number | ط/922.2/منص |
| 100 1# - MAIN ENTRY--PERSONAL NAME | |
| Personal name | هنداوي، خليل |
| 245 10 - TITLE STATEMENT | |
| Title | المنصور بن أبي عامر / |
| 264 1# - PRODUCTION, PUBLICATION, DISTRIBUTION, MANUFACTURE, AND COPYRIGHT NOTICE | |
| Place of production, publication, distribution, manufacture | بيروت : |
| Name of producer, publisher, distributor, manufacturer | دار الشرق العربي، |
| 300 ## - PHYSICAL DESCRIPTION | |
| Extent | 118ص |
| 490 0# - SERIES STATEMENT | |
| Series statement | أعلام خالدون |
| Volume/sequential designation | 6 |
| 650 17 - SUBJECT ADDED ENTRY--TOPICAL TERM | |
| Topical term or geographic name as entry element | التراجم |
| 650 17 - SUBJECT ADDED ENTRY--TOPICAL TERM | |
| Topical term or geographic name as entry element | القادة العسكريون |
| 653 ## - INDEX TERM--UNCONTROLLED | |
| Uncontrolled term | ناشئون صغار (10-14 سنة ) |
| 700 1# - ADDED ENTRY--PERSONAL NAME | |
| Personal name | الانطاكي، محمد |
| 700 1# - ADDED ENTRY--PERSONAL NAME | |
| Personal name | حاضري، بدر الدين |
| 700 1# - ADDED ENTRY--PERSONAL NAME | |
| Personal name | قجة، محمد |
| 942 ## - ADDED ENTRY ELEMENTS (KOHA) | |
| Source of classification or shelving scheme | Dewey Decimal Classification |
| Koha item type | كتب |
| حالة السحب | حالة الفقدان | مصدر التصنيف | حالة التلف | غير قابل للإعارة | المكتبة الرئيسية | المكتبة الحالية | موقع الرف | تاريخ التزويد | الرقم المتسلسل | Total Checkouts | رقم الإستدعاء | الباركود | تاريخ آخر ظهور | تاريخ الفاتورة | نوع المادة (كوها) |
|---|---|---|---|---|---|---|---|---|---|---|---|---|---|---|---|
| Dewey Decimal Classification | مكتبة أم المؤمنين للأطفال | مكتبة أم المؤمنين للأطفال | الأطفال | 28/07/2025 | 1045496 | ط/922.2/منص | 1045496 | 28/07/2025 | 28/07/2025 | كتب | |||||
| Dewey Decimal Classification | مكتبة الأميرة سلمى | مكتبة الأميرة سلمى | الأطفال | 28/07/2025 | 566200 | ط/922.2/منص | 566200 | 28/07/2025 | 28/07/2025 | كتب | |||||
| Dewey Decimal Classification | مكتبة الراية الهاشمية للأطفال | مكتبة الراية الهاشمية للأطفال | الأطفال | 13/09/2015 | 303768 | ط/922.2/منص | PLD00346605 | 28/07/2025 | 13/09/2015 | كتب | |||||
| Dewey Decimal Classification | مكتبة الراية الهاشمية للأطفال | مكتبة الراية الهاشمية للأطفال | الأطفال | 09/01/2003 | 0295792 | ط/922.2/منص | PLD00357101 | 28/07/2025 | 09/01/2003 | كتب | |||||
| Dewey Decimal Classification | مكتبة بدر للأطفال | مكتبة بدر للأطفال | الأطفال | 22/08/2022 | 268644 | ط/922.2/منص | PLD00499970 | 28/07/2025 | 22/08/2022 | كتب |